000 00602nam a2200217Ia 4500
003 BUBTL
008 151213s9999 xx 000 0 und d
082 _a519.5
_bROS
100 _aManindra Kumar Roy
245 _aFundamental Of Probability
_cManindra Kumar Roy
250 _a6th
260 _aChittagong
_bRoman Publications
_c2008
300 _a[x] , 734p . :
_b22cm .
_cStatistics .
500 _aIncludes Index .
650 _aStatistics
650 _aStatistics
700 _aManindra Kumar Roy
856 _k0
_l0
_yDownload
942 _2ddc
_cBK
999 _c3724
_d3724